000 00593nam a2200181Ia 4500
008 090124s9999 xx 000 0 und d
082 _b26921
_a1759
100 _aकोल्हटकर उल्हास
245 _a बीज अंकुरे अंकुरे
250 _a1
260 _c1992
300 _a137
600 _aकोल्हटकर उल्हास
630 _a बीज अंकुरे अंकुरे
700 _aकोल्हटकर उल्हास
730 _a बीज अंकुरे अंकुरे
942 _cBOOK
999 _c140391
_d140391